000 00712nam a2200265Ia 4500
005 20260121170724.0
008 008 260114s9999 xx 000 0 eng d
020 _a9783319766058
037 _aEBOOK
040 _aCRL
040 _beng
040 _cCRL
041 _2eng
041 _aeng
084 _qCRL
100 _aTeresa A. Oliveira, Christos P. Kitsos, Amílcar Oliveira, Luís Grilo
_91067356
245 0 _aRecent Studies on Risk Analysis and Statistical Modeling
260 _bSpringer
260 _bSpringer
260 _c2018
856 _uhttps://link.springer.com/openurl?genre=book&isbn=978-3-319-76605-8
942 _cEBOOK
999 _c1633086
_d1633086